| 000 | 01249nam a2200337Ia 4500 | ||
|---|---|---|---|
| 003 | OSt | ||
| 005 | 20221007123557.0 | ||
| 006 | a|||||r|||| 00| 0 | ||
| 007 | ta | ||
| 008 | 221006b |||||||| |||| 00| 0 eng d | ||
| 020 |
_a047868864 (pbk) _cRs.2989.65 |
||
| 024 | _a16621 | ||
| 037 |
_b1136, 10/11/2005, Unilib Book Distributors _cTextual |
||
| 040 |
_aPAPL _cPAPL _beng |
||
| 041 |
_2eng _aeng |
||
| 082 | _aC21-5:3, P5 Carpa | ||
| 100 |
_aSole Jose Garcia _9717437 |
||
| 245 | 0 |
_aIntroduction to the optical spectroscopy of inorganic solids _b Bausa Louisa E Jaque Daniel |
|
| 260 |
_aNew _bJersey John Wiley & Sons Ltd _c2005 |
||
| 300 |
_axiii,283p. _ccm. |
||
| 500 | _aIncludes bibliographical references.; Appendix A-A4, 263-275p.; Index 277-283p. | ||
| 650 |
_a Chemistry- Inorganic _9717438 |
||
| 650 |
_a Energy-band theory of solids _9717439 |
||
| 650 |
_a Solid state chemistry _9717440 |
||
| 650 |
_a Solids-Spectra _9717441 |
||
| 650 | _aPhysics | ||
| 700 |
_a Bausa Louisa E _9717442 |
||
| 700 |
_a Jaque Daniel _9717443 |
||
| 942 |
_hC21-5:3, P5 Carpa _cTEXL _2CC |
||
| 999 |
_c1212132 _d1212132 |
||